Federal-state relations in Sabah, Malaysia : (ระเบียนเลขที่ 58724)
| 000 -LEADER | |
|---|---|
| fixed length control field | 00815nam a22002417a 4500 |
| 003 - CONTROL NUMBER IDENTIFIER | |
| control field | NALT |
| 005 - DATE AND TIME OF LATEST TRANSACTION | |
| control field | 20210426154740.0 |
| 008 - FIXED-LENGTH DATA ELEMENTS--GENERAL INFORMATION | |
| fixed length control field | s2008 si eng d |
| 020 ## - INTERNATIONAL STANDARD BOOK NUMBER | |
| International Standard Book Number | 9789812308115 |
| 040 ## - CATALOGING SOURCE | |
| Original cataloging agency | NALT |
| 041 ## - LANGUAGE CODE | |
| Language code of text/sound track or separate title | eng |
| 050 ## - LIBRARY OF CONGRESS CALL NUMBER | |
| Classification number | DS 597.336 |
| Item number | L73F 2008 |
| 100 1# - MAIN ENTRY--PERSONAL NAME | |
| Personal name | Lim, Regina |
| 9 (RLIN) | 51676 |
| 245 10 - TITLE STATEMENT | |
| Title | Federal-state relations in Sabah, Malaysia : |
| Remainder of title | the Berjaya administration, 1976-85 / |
| Statement of responsibility, etc. | Regina Lim. |
| 260 ## - PUBLICATION, DISTRIBUTION, ETC. | |
| Place of publication, distribution, etc. | Singapore : |
| Name of publisher, distributor, etc. | Institute of Southeast Asian Studies, |
| Date of publication, distribution, etc. | 2008 |
| 300 ## - PHYSICAL DESCRIPTION | |
| Extent | 153 p. : |
| Other physical details | tables ; |
| Dimensions | 23 cm. |
| 610 2# - SUBJECT ADDED ENTRY--CORPORATE NAME | |
| 9 (RLIN) | 51677 |
| Corporate name or jurisdiction name as entry element | Parti Berjaya |
| 650 #0 - SUBJECT ADDED ENTRY--TOPICAL TERM | |
| Topical term or geographic name entry element | Federal government |
| 9 (RLIN) | 51678 |
| Geographic subdivision | Malaysia |
| 651 #0 - SUBJECT ADDED ENTRY--GEOGRAPHIC NAME | |
| 9 (RLIN) | 51679 |
| Geographic name | Sabah (Malaysia) |
| General subdivision | Politics and government |
| Chronological subdivision | 20th century |
| 850 ## - HOLDING INSTITUTION | |
| Holding institution | NALT |
| 942 ## - ADDED ENTRY ELEMENTS (KOHA) | |
| Koha item type | General Book |
| Source of classification or shelving scheme | Library of Congress Classification |
| 998 ## - STAFF NAME (NALT) | |
| -- | 109 |
| -- | อารีรัตน์ วิชาช่าง |
| Withdrawn status | Lost status | Damaged status | Not for loan | Collection code | Home library | Current library | Source of acquisition | Total Checkouts | Full call number | Barcode | Date last seen | Date last checked out | Price effective from | Koha item type |
|---|---|---|---|---|---|---|---|---|---|---|---|---|---|---|
| ASEAN collection | National Assembly Library of Thailand | National Assembly Library of Thailand | จัดซื้อทรัพยากร | 1 | ASEAN DS597.336 L73F 2008 | 3961177513 | 21/12/2017 | 01/12/2017 | 09/06/2017 | General Book |
